000 01047nam a22003137a 4500
003 CHAP
005 20220817041659.0
008 971013s1980 r 00010 d
010 _a21436
011 _a22408
035 _a26503
040 _cCHAP
090 _aFolleto 10989
100 0 0 _aClark, James L.
_923621
245 _aComputers in local government text of contributions to a seminar for local goverment officials
260 _aCanberra :
_bCSIRO. Division of Land Use Research,
_c1980
300 _a30 h.
490 _aTechnical memorandum
_v; 80/18
590 _aBATCH-UPD
_b10
_c20130110
_lUCH01
_h1859
590 _aCONVERSION
_b10
_c20130109
_lUCH01
_h1313
650 1 4 _aComputadoras.
_926129
700 0 _aCocks, K. D.
_924232
700 0 _aDavis, J. Ruhard.
_931271
710 0 _aCommonwealth Scientific and Industrial Research Organization. Division of Land Use Research.
_926039
830 0 _aTechnical memorandum
_v; 80/18
901 _aBK
942 _cFOLL
949 _aFolleto 10989
_bBC
_cFOLL
_d-61104
_eTS1
_i26503
_si
999 _c21436
_d21436